| 000 | 01490cam a22003737a 4500 | ||
|---|---|---|---|
| 003 | CHAP | ||
| 005 | 20220817043641.0 | ||
| 008 | 000329d1998 mx r 00110 spa d | ||
| 010 | _a80592 | ||
| 011 | _a81564 | ||
| 035 | _a92037 | ||
| 040 | _cCHAP | ||
| 082 | 0 | 4 |
_a630.16 _bU32 |
| 110 | 1 | _aUACH | |
| 245 | 1 | 0 |
_aRevista Chapingo : _b70 años de investigación agrícola en México : índice general 1927-1997 _c/por UACH |
| 260 |
_aChapingo, Méx. : _bUACH. Dirección General de Difusión Cultural, _c1998. |
||
| 300 | _a405 p. | ||
| 590 |
_aBATCH-UPD _b10 _c20130110 _lUCH01 _h1400 |
||
| 590 |
_aBATCH-UPD _b10 _c20130410 _lUCH01 _h0852 |
||
| 590 |
_aBATCH-UPD _b10 _c20130914 _lUCH01 _h0704 |
||
| 590 |
_aCONVERSION _b10 _c20130109 _lUCH01 _h1345 |
||
| 650 | 1 | 4 |
_aAgricultura _xIndices bibliograficos. _91556 |
| 650 | 1 | 4 |
_aBosques. _914002 |
| 650 | 1 | 4 |
_aGanadería. _944604 |
| 901 | _aBK | ||
| 905 | _aGuadalupe Pinto C. | ||
| 942 | _cLIBRO | ||
| 949 |
_a630.16 U32 _bBC _cLIBRO _d03372400209397 _eLIBRO _fc.4 _h97002 _i92037 _kDonaciØn _si |
||
| 949 |
_a630.16 U32 _bBC _cLIBRO _d33724000757126 _eLIBRO _h96999 _i92037 _kDonaciØn _sb |
||
| 949 |
_a630.16 U32 _bBC _cLIBRO _d33724000757134 _eLIBRO _fc.3 _h97001 _i92037 _kDonaciØn _sb |
||
| 949 |
_a630.16 U32 _bBC _cLIBRO _d33724000757241 _eLIBRO _fc.2 _h97000 _i92037 _kDonaciØn _si |
||
| 949 |
_a630.16 U32 _bBC _cLIBRO _d33724002111579 _eLIBRO _fc.6 _gDonaciØn _h97002 _i92037 _sb |
||
| 949 |
_a630.16 U32 _bBC _cUACH _d920375 _eUACH _fc.5 _h97003 _i92037 _kDonaciØn _sb |
||
| 999 |
_c80592 _d80592 |
||